书目信息 |
| 题名: |
工业设计中国之路
|
|
| 作者: | 孙立 , 沈榆 编著 | |
| 分册: | 重工业装备产品卷 | |
| 出版信息: | 大连 大连理工大学出版社 2019 |
|
| 页数: | 282页 | |
| 开本: | 27cm | |
| 丛书名: | ||
| 单 册: | ||
| 中图分类: | TB47 , TH16 | |
| 科图分类: | ||
| 主题词: | 工业设计--Gong Ye She Ji--中国 , 重工业--Zhong Gong Ye--工艺装备--工业设计--中国 | |
| 电子资源: | ||
| ISBN: | 978-7-5685-1953-3 | |
| 000 | 01458nam0 2200313 450 | |
| 001 | 012001003547 | |
| 005 | 20140102113001.0 | |
| 010 | @a978-7-5685-1953-3@dCNY318.00 | |
| 099 | @aCAL 012019149186 | |
| 100 | @a20191107d2019 em y0chiy50 ea | |
| 101 | 0 | @achi |
| 102 | @aCN@b210000 | |
| 105 | @aa a 000yy | |
| 106 | @ar | |
| 200 | 1 | @a工业设计中国之路@AGong Ye She Ji Zhong Guo Zhi Lu@i重工业装备产品卷@d= A genealogy of industrial design in China: heavy industrial equipment an machinery@f孙立, 沈榆编著@zeng |
| 210 | @a大连@c大连理工大学出版社@d2019 | |
| 215 | @a282页@c图@d27cm | |
| 300 | @a国家出版基金项目 | |
| 320 | @a有书目 (第273-279页) | |
| 330 | @a《工业设计中国之路》是呈现中国工业设计发展之路的著作,内容主要是对碎片化的技术文献资料、历史口述资料以及产品实物等进行梳理及研究。“装备”被称作“国之重器”,其工业设计具有高集成度、先进性、综合性、可靠性等特质。本卷内容将通过追踪、挖掘历史资料,呈现工业设计是如何平衡产品性能的先进性和生产的可能性的。只有解决了这一矛盾,研制出的装备才能提升品质,并在各种复杂的环境中很好地完成任务。 | |
| 510 | 1 | @aGenealogy of industrial design in China: heavy industrial equipment an machinery@zeng |
| 606 | 0 | @a工业设计@AGong Ye She Ji@y中国 |
| 606 | 0 | @a重工业@AZhong Gong Ye@x工艺装备@x工业设计@y中国 |
| 690 | @aTB47@v5 | |
| 690 | @aTH16@v5 | |
| 701 | 0 | @a孙立@ASun Li@4编著 |
| 701 | 0 | @a沈榆@AShen Yu@4编著 |
| 801 | 0 | @aCN@b北京卓展@c20191020 |
| 905 | @b1212056-7@dTB47@e539@f2 | |
| 工业设计中国之路.重工业装备产品卷= A genealogy of industrial design in China: heavy industrial equipment an machinery/孙立, 沈榆编著.-大连:大连理工大学出版社,2019 |
| 282页:图;27cm |
| 国家出版基金项目 |
| ISBN 978-7-5685-1953-3:CNY318.00 |
| 《工业设计中国之路》是呈现中国工业设计发展之路的著作,内容主要是对碎片化的技术文献资料、历史口述资料以及产品实物等进行梳理及研究。“装备”被称作“国之重器”,其工业设计具有高集成度、先进性、综合性、可靠性等特质。本卷内容将通过追踪、挖掘历史资料,呈现工业设计是如何平衡产品性能的先进性和生产的可能性的。只有解决了这一矛盾,研制出的装备才能提升品质,并在各种复杂的环境中很好地完成任务。 |
| ● |
| 相关链接 |
|
|
|
|
正题名:工业设计中国之路
索取号:TB47/539
 
预约/预借
| 序号 | 登录号 | 条形码 | 馆藏地/架位号 | 状态 | 备注 |
| 1 | 1212056 | 212120569 | 第二样本阅览室/ [索取号:TB47/539] | 在馆 | |
| 2 | 1212057 | 212120578 | 第三借阅区/ [索取号:TB47/539] | 在馆 |